Vista normal
Vista MARC
Entrada Personal Name
Número de registros utilizados en: 1
001 - CONTROL NUMBER
- control field: 17024
003 - CONTROL NUMBER IDENTIFIER
- control field: DLC
005 - DATE AND TIME OF LATEST TRANSACTION
- control field: 20250507084415.0
008 - FIXED-LENGTH DATA ELEMENTS
- fixed length control field: 060303n| azannaabn |a aaa c
010 ## - LIBRARY OF CONGRESS CONTROL NUMBER
- LC control number: no2006023532
- Canceled/invalid LC control number: n 2008024080
035 ## - SYSTEM CONTROL NUMBER
- System control number: (OCoLC)oca06873709
040 ## - CATALOGING SOURCE
- Original cataloging agency: NNC
- Language of cataloging: spa
- Description conventions: rda
- Transcribing agency: Mx-PuUPA
- Modifying agency: DLC
- Modifying agency: UPB
- Modifying agency: DLC
- Modifying agency: DLC
- Modifying agency: Mx-PuUPA
046 ## - SPECIAL CODED DATES
- Birth date: 1963
- Source of date scheme: edtf
053 #0 - LC CLASSIFICATION NUMBER
- Classification number element--single number or beginning number of span: PQ6718.I96
100 1# - HEADING--PERSONAL NAME
- Personal name: Rivero Taravillo, Antonio,
- Dates associated with a name: 1963-
370 ## - ASSOCIATED PLACE
- Place of birth: Melilla (España)
- Place of residence/headquarters: Sevilla(España)
- Source of term: naf
372 ## - FIELD OF ACTIVITY
- Field of activity: Poesía irlandesa - Irlandés medio, 1100-1550
- Source of term: lcsh
373 ## - ASSOCIATED GROUP
- Associated group: Universidad de Sevilla
- Source of term: naf
373 ## - ASSOCIATED GROUP
- Associated group: Universidad de Edimburgo
- Source of term: naf
374 ## - OCCUPATION
- Occupation: Poeta
- Occupation: Traductor
- Occupation: Autor
- Occupation: Novelista
- Source of term: lcsh
375 ## - GENDER
- Gender: hombre
377 ## - ASSOCIATED LANGUAGE
- Language code: spa
400 1# - SEE FROM TRACING--PERSONAL NAME
- Personal name: Taravillo, Antonio Rivero,
- Dates associated with a name: 1963-
670 ## - SOURCE DATA FOUND
- Source citation: James Joyce, 2005:
- Information found: t.p. (Antonio Rivero Taravillo)
670 ## - SOURCE DATA FOUND
- Source citation: OCLC, Mar. 7, 2006
- Information found: (hdg.: Rivero Taravillo, Antonio, 1963- ; usage: Antonio Rivero Taravillo)
670 ## - SOURCE DATA FOUND
- Source citation: Canciones gaélicas, 2002:
- Information found: t.p. (Antonio Rivero Taravillo) front flap (studied at Univ. of Sevilla and Univ. of Edinburgh; poet and translator; prev. pub. translations of medieval Irish poems)
670 ## - SOURCE DATA FOUND
- Source citation: Luis Cernuda, 2011:
- Information found: jacket flap (Melilla, 1963)
670 ## - SOURCE DATA FOUND
- Source citation: Más tarde, 2019:
- Information found: title page (Antonio Rivero Taravillo) front cover flap (resides in Sevilla; novelist, writer, poet)
670 ## - SOURCE DATA FOUND
- Source citation: Diario austral, 2019:
- Information found: t.p. (Antonio Rivero Taravillo)